Văn hoá dân gian phi vật thể của người Khơ Me ở Sóc Trăng

Tìm hiểu văn hoá dân gian phi vật thể và giới thiệu các hoạt động tín ngưỡng, phong tục, văn hoá nghệ thuật dân gian của người Khơ Me ở Sóc Trăng

Đã lưu trong:
书目详细资料
主要作者: Trần Minh Thương
格式: 图书
语言:Vietnamese
出版: H. Mỹ thuật 2016
主题:
标签: 添加标签
没有标签, 成为第一个标记此记录!
Thư viện lưu trữ: Mạng thư viện Đại học Đà Nẵng
LEADER 01870nam a2200409 4500
001 000024737
003 21226
005 20170223080215.0
008 170111s2016 viesd
041 0 |a vie 
082 1 4 |a 390.08995932  |b TR-T 
100 1 |a Trần Minh Thương 
245 1 0 |a Văn hoá dân gian phi vật thể của người Khơ Me ở Sóc Trăng  |c Trần Minh Thương 
260 |a H.  |b Mỹ thuật  |c 2016 
300 |a 479 tr.  |b hình ảnh, bảng  |c 21 cm. 
500 |a ĐTTS ghi: Hội Văn nghệ dân gian Việt Nam 
504 |a Thư mục: tr. 359-369. - Phụ lục: tr. 369-460 
520 3 |a Tìm hiểu văn hoá dân gian phi vật thể và giới thiệu các hoạt động tín ngưỡng, phong tục, văn hoá nghệ thuật dân gian của người Khơ Me ở Sóc Trăng 
650 0 4 |a Văn hóa phi vật thể  |x Dân tộc Khơme  |z Sóc Trăng (Việt Nam) 
650 0 4 |a Văn hóa dân gian  |x Dân tộc Khơme  |z Sóc Trăng (Việt Nam) 
650 0 4 |a Văn hóa dân gian  |z Việt Nam 
653 |a Dân tộc Khơ Me 
653 |a Văn hoá phi vật thể 
653 |a Sóc Trăng 
653 |a Văn hóa dân gian 
OWN |a LSP 
AVA |a UDN50  |b LNN  |d 895.922 TH-P  |e available  |t Error 5001 Not defined in file expand_doc_bib_avail.  |f 1  |g 0  |h N  |i 0 
AVA |a UDN50  |b LSP  |d 390.08995932 TR-T  |e available  |t Error 5001 Not defined in file expand_doc_bib_avail.  |f 1  |g 0  |h N  |i 0  |k 1 
999 |a From the UDN01 
AVA |a UDN50  |b LNN  |d 895.922 TH-P  |e available  |t Error 5001 Not defined in file expand_doc_bib_avail.  |f 1  |g 0  |h N  |i 0 
AVA |a UDN50  |b LSP  |d 390.08995932 TR-T  |e available  |t Error 5001 Not defined in file expand_doc_bib_avail.  |f 1  |g 0  |h N  |i 0  |k 1 
TYP |a Monograph 
TYP |a Printed language 
980 |a Mạng thư viện Đại học Đà Nẵng